STRUCTURAL ANALYSIS / (Record no. 589737)
[ view plain ]
| 000 -LEADER | |
|---|---|
| fixed length control field | 00317nam a22001337a 4500 |
| 020 ## - INTERNATIONAL STANDARD BOOK NUMBER | |
| Qualifying information | PB. |
| 040 ## - CATALOGING SOURCE | |
| Transcribing agency | FIZZA ISHAQ |
| 082 ## - DEWEY DECIMAL CLASSIFICATION NUMBER | |
| Classification number | 624.17 |
| Author Mark | SSB |
| 100 ## - MAIN ENTRY--PERSONAL NAME | |
| Personal name | BHAVIKATTI,S.S. |
| 9 (RLIN) | 18313 |
| 245 ## - TITLE STATEMENT | |
| Title | STRUCTURAL ANALYSIS / |
| Statement of responsibility, etc. | S.S.BHAVIKATTI. |
| 260 ## - PUBLICATION, DISTRIBUTION, ETC. | |
| Place of publication, distribution, etc. | VIKAS PUBLISHER ; |
| Date of publication, distribution, etc. | 2014. |
| 300 ## - PHYSICAL DESCRIPTION | |
| Extent | 429 P. ; |
| 942 ## - ADDED ENTRY ELEMENTS (KOHA) | |
| Source of classification or shelving scheme | |
| Koha item type | Book |
| Withdrawn status | Lost status | Source of classification or shelving scheme | Damaged status | Not for loan | Permanent Location | Current Location | Date acquired | Full call number | Barcode | Date last seen | Copy number | Price effective from | Koha item type |
|---|---|---|---|---|---|---|---|---|---|---|---|---|---|
| NUST Baluchistan Campus (NBC) | NUST Baluchistan Campus (NBC) | 05/16/2022 | 624.171 BHA | Q-4122 | 05/16/2022 | 1 | 05/16/2022 | Book |
